Real numbers : analyzing income properties for a profitable investment

Bibliographic Details
Main Author: Sinclair, Joseph T. (Author)
Format: Book
Language:English
Published: Illinois : Business One Irwin 1993
Subjects:

MARC

LEADER 00000cam a2200000 7i4500
001 0000004405
005 20240930.0
008 991213 ilu eng
020 |a 1556238177 
040 |a INS   |b eng   |e rda 
090 0 0 |a HD1382.5   |b .S48 1993 
100 1 |a Sinclair, Joseph T. ,   |e author 
245 1 0 |a Real numbers :   |b analyzing income properties for a profitable investment   |c Joseph T. Sinclair 
264 1 |a Illinois :   |b Business One Irwin   |c 1993 
300 |a 352p. ;   |c 24cm. 
336 |a text  |2 rdacontent 
337 |a unmediated  |2 rdamedia 
338 |a volume  |2 rdacarrier 
500 |a Includes index 
650 0 |a Investment analysis 
650 0 |a Real estate investment   |x Evaluation 
999 |a 0000006362   |b BOOK   |c Open Shelf   |e Default branch